Statystyki dla Wypisz Wszystkich Sąsiadów Następujących Krajów #7

Kliknij tutaj aby rozwiązać quiz!

Ogólne statystyki

  • Ten quiz został rozwiązany 2 068 razy
    (332 od ostatniego zresetowania)
  • Średni wynik to 38 z 58

Statystyki odpowiedzi

Odpowiedź% Poprawnych
Islandia
86%
Rosja
86%
Australia
85%
Japonia
82%
Nowa Zelandia
82%
Madagaskar
81%
Turcja
81%
Cypr
80%
Malta
80%
Ukraina
79%
Białoruś
77%
Kuba
76%
Wielka Brytania
75%
Norwegia
73%
Serbia
72%
Sri Lanka
72%
Seszele
70%
Dominika
69%
Fidżi
69%
Mołdawia
69%
Wyspy Zielonego Przylądka
69%
Albania
68%
Andora
68%
Jamajka
68%
Wyspy Salomona
68%
San Marino
67%
Watykan
67%
Bahamy
66%
Szwajcaria
66%
Filipiny
65%
Macedonia
65%
Malediwy
65%
Czarnogóra
64%
Mikronezja
64%
Barbados
63%
Monako
63%
Nauru
63%
Tuvalu
63%
Palau
62%
Samoa
62%
Wyspy Marshalla
62%
Antigua i Barbuda
61%
Vanuatu
61%
Komory
60%
Bośnia i Hercegowina
59%
Mauritius
59%
Tonga
59%
Tajwan
58%
Kiribati
57%
Wyspy Świętego Tomasza i Książęca
57%
Liechtenstein
56%
Saint Kitts i Nevis
56%
Saint Lucia
56%
Saint Vincent I Grenadiny
55%
Grenada
52%
Trynidad i Tobago
49%
Bahrajn
40%
Singapur
37%

Rozkład punktacji

Percentyl według liczby udzielonych odpowiedzi

Procent ludzi z każdym wynikiem

Twoja historia wyników

Nie rozwiązałeś tego quizu od ostatniego zresetowania